| 000 | 00424nam a22001337a 4500 | ||
|---|---|---|---|
| 082 |
_a604.2 _bBRO _cL-12, P-49 |
||
| 100 |
_aBrotherton, Frank. _940323 |
||
| 245 | _aPractical drawing for the preliminary technical course Second Year. | ||
| 260 |
_aLondon _bGeorge Routledge & Sons, Ltd. _c1914 |
||
| 300 |
_aviii, 139 p.: _bill, : _c6 Cm |
||
| 526 |
_a0 _b0 _c0 _d604_200000000000000_BRO |
||
| 650 |
_aMCE _9379 |
||
| 942 |
_2ddc _cBK |
||
| 999 |
_c544648 _d544648 |
||